000 00817cam a2200289 a 4500
001 41287
003 Mx-PuUPA
005 20240422125004.0
008 140415s2000 mx 000 0 spa d
020 _a9682300355
040 _cMx-PuUPA
_aMx-PuUPA
_bspa
_dMx-PuUPA
_erda
041 _aspa
100 1 _a Castañeda, Jorge
245 1 0 _aEl economismo dependentista
250 _a Segunda edición
260 _a
_b
_c
264 _aMéxico, D.F.
_bSiglo Veintiuno Editores
_c1979
300 _a191 páginas ;
_c18 cm
336 _2rdacontent
_atexto
_btxt
337 _2rdamedia
_asin medio
_bn
338 _2rdacarrier
_avolumen
_bnc
502 _a
650 1 4 _a
_2armarc
_913986
942 _n
_2ddc
_cLI
_hxxx
_iC334
999 _c41287
_d41287